书目信息 |
| 题名: |
三边一少年
|
|
| 作者: | 李季 著 | |
| 分册: | ||
| 出版信息: | 北京 中国少年儿童出版社 1959 |
|
| 页数: | 60页 | |
| 开本: | 19cm | |
| 丛书名: | ||
| 单 册: | ||
| 中图分类: | I287.2 | |
| 科图分类: | ||
| 主题词: | 儿童文学-叙事诗--中国--现代 , 叙事诗-儿童文学--中国--现代 | |
| 电子资源: | ||
| ISBN: | ||
| 000 | 00624nam0 2200229 45 | |
| 001 | 0179000906 | |
| 005 | 20060913152649.37 | |
| 010 | @dCNY0.16 | |
| 091 | @aR10056.186 | |
| 100 | @a19950720e19791959am y0chiy0121 ea | |
| 101 | 0 | @achi |
| 102 | @aCN@b110000 | |
| 105 | @af z 000zy | |
| 200 | 10 | @a三边一少年@Asan bian yi shao nian@f李季著 |
| 210 | @a北京@c中国少年儿童出版社@d1959@h1979重印 | |
| 215 | @a60页@c插图@d19cm | |
| 606 | @a儿童文学-叙事诗@y中国@z现代 | |
| 606 | @a叙事诗-儿童文学@y中国@z现代 | |
| 690 | @aI287.2@v3 | |
| 701 | 0 | @a李季@Ali ji@4著 |
| 801 | 0 | @aCN@bTSSF@c20060913 |
| 905 | @a10447@dI287.2@e204 | |
| 三边一少年/李季著.-北京:中国少年儿童出版社,1959(1979重印) |
| 60页:插图;19cm |
| ISBN :CNY0.16 |
| ● |
| 相关链接 |
|
|
|
|
正题名:三边一少年
索取号:I287.2/204
 
预约/预借
| 序号 | 登录号 | 条形码 | 馆藏地/架位号 | 状态 | 备注 |
| 1 | 0421300 | 204213001 | 密集书库/ [索取号:I287.2/204] | 在馆 | |
| 2 | 0475577 | 204755773 | 密集书库/ [索取号:I287.2/204] | 在馆 |